De arte poetica
সংরক্ষণ করুন:
| প্রধান লেখক: | |
|---|---|
| বিন্যাস: | গ্রন্থ |
| ভাষা: | স্প্যানিশ |
| প্রকাশিত: |
París
Desclée de Brouwer
1953
|
| মালা: | Aristoteles Latinus, 33
|
| বিষয়গুলি: | |
| ট্যাগগুলো: |
ট্যাগ যুক্ত করুন
কোনো ট্যাগ নেই, প্রথমজন হিসাবে ট্যাগ করুন!
|
MARC
| LEADER | 00000nam a2200000 a 4500 | ||
|---|---|---|---|
| 001 | UCY7926 | ||
| 003 | CL-VaPUC | ||
| 008 | 950623e19530000FR |||||||||||||||||spa|d | ||
| 082 | 0 | 4 | |a 185 |b VAL |2 21 |
| 100 | 0 | |a Valgimigli, Erse |e author |9 338858 | |
| 245 | 1 | 0 | |a De arte poetica |
| 300 | |a 77 p | ||
| 942 | |c BK | ||
| 945 | |d 19950623 00:00:00 |a mfernand | ||
| 260 | |a París |b Desclée de Brouwer |c 1953 | ||
| 600 | 0 | |a Aristóteles, |d 384 a.C.- 322 a.C. |9 194 | |
| 650 | 0 | |a Filosofía antigua |9 255705 | |
| 650 | 0 | |a Poética |9 266624 | |
| 650 | 0 | |a Estética |9 264950 | |
| 583 | |a last modification |c 19950623 00:00:00 |k Rodrigo Vera | ||
| 490 | 0 | |a Aristoteles Latinus, 33 | |
| 999 | |c 235220 |d 235218 | ||
| 952 | |0 0 |1 0 |4 0 |6 185_000000000000000_VAL_1953 |7 0 |8 P |9 242479 |a BIBEDU |b BIBEDU |c BIBEDU_PB |d 2019-11-18 |i 1514806 |o 185 VAL 1953 |p 1514806 |r 2024-01-25 |w 2019-11-18 |y BK |k FIL | ||